[Event "FRA-ch op-B"]
[Site "Pau"]
[Date "2012.08.21"]
[Round "7"]
[White "Le Bail, Arielle"]
[Black "Contois, Frederick Andre"]
[Result "1-0"]
[WhiteElo "1876"]
[BlackElo "1939"]
[PlyCount "73"]
[EventDate "2012.08.14"]
[EventType "swiss"]
[EventRounds "11"]
[EventCountry "FRA"]
[SourceTitle "EXT 2013"]
[Source "ChessBase"]
[SourceDate "2012.11.22"]
[SourceVersion "1"]
[SourceVersionDate "2012.11.22"]
[SourceQuality "1"]

1. d4 Nf6 2. c4 e6 3. Nc3 Bb4 4. Qc2 d5 5. a3 Bxc3+ 6. Qxc3 0-0 7. Nf3 Ne4 8. Qc2 b6 9. g3 Bb7 10. Bg2 Nd7 11. 0-0 Rc8 12. Ne5 c5 13. Qa4 Nxe5 14. dxe5 Bc6 15. Qc2 f6 16. Bxe4 dxe4 17. Rd1 Qe7 18. exf6 Qxf6 19. Be3 Rcd8 20. b4 Rd4 21. Rdb1 e5 22. bxc5 bxc5 23. Qc3 Qf7 24. Rc1 Bb7 25. Qa5 Rxc4 26. Qxa7 Rxc1+ 27. Rxc1 c4 28. Qc5 Ba6 29. Qxe5 Qf5 30. Qd6 Rf6 31. Qb8+ Rf8 32. Qa7 Qc8 33. Rd1 Rf7 34. Qb6 Rf8 35. Rd6 Bb7 36. Qd4 Qe8 37. Rd7 1-0

[Event "Wch U18 Girls"]
[Site "Caldas Novas"]
[Date "2011.11.18"]
[Round "1"]
[White "Kurbonboeva, Sarvinoz"]
[Black "Le Bail, Arielle"]
[Result "1-0"]
[WhiteElo "2135"]
[BlackElo "1847"]
[PlyCount "49"]
[EventDate "2011.11.18"]
[EventType "swiss"]
[EventRounds "9"]
[EventCountry "BRA"]
[SourceTitle "EXT 2013"]
[Source "ChessBase"]
[SourceDate "2012.11.22"]
[SourceVersion "1"]
[SourceVersionDate "2012.11.22"]
[SourceQuality "1"]

1. c4 e5 2. Nc3 Nf6 3. g3 d6 4. Bg2 c6 5. d4 exd4 6. Qxd4 Be6 7. Nf3 h6 8. 0-0 Nbd7 9. Rd1 Nb6 10. b3 Qd7 11. Bb2 Be7 12. a4 0-0 13. a5 Nc8 14. Ne4 Rb8 15. Ne5 Qc7 16. Nd3 Rd8 17. Nf4 Bf5 18. Qc3 Rd7 19. h3 Bh7 20. Qe3 Nxe4 21. Bxe4 Bxe4 22. Qxe4 Bf8 23. Nh5 Re7 24. Qd4 c5 25. Qc3 1-0

[Event "FRA-ch U18 Girls"]
[Site "Montlucon"]
[Date "2011.04.22"]
[Round "7"]
[White "Soubirou, Oriane"]
[Black "Le Bail, Arielle"]
[Result "1-0"]
[WhiteElo "1996"]
[BlackElo "1859"]
[PlyCount "37"]
[EventDate "2011.04.17"]
[EventType "swiss"]
[EventRounds "9"]
[EventCountry "FRA"]
[SourceTitle "CBM 142 Extra"]
[Source "ChessBase"]
[SourceDate "2011.06.27"]
[SourceVersion "1"]
[SourceVersionDate "2011.06.27"]
[SourceQuality "1"]

1. Nf3 c5 2. e4 a6 3. a4 Nc6 4. d4 cxd4 5. Nxd4 Qa5+ 6. Nc3 Nf6 7. Nb3 Qb4 8. Bd3 e6 9. 0-0 Be7 10. f4 Qb6+ 11. Kh1 d6 12. a5 Qc7 13. Be3 Nd7 14. Na4 0-0 15. Rf3 Nb4 16. Rh3 Nxd3 17. cxd3 f5 18. Nb6 Nf6 19. Nxa8 1-0

[Event "FRA-chT Top 12 (Women) GpB"]
[Site "Sartrouville"]
[Date "2011.02.11"]
[Round "1.2"]
[White "Neuhauser, Salome"]
[Black "Le Bail, Arielle"]
[Result "1-0"]
[WhiteElo "2066"]
[BlackElo "1879"]
[PlyCount "52"]
[EventDate "2011.02.11"]
[EventType "team-tourn"]
[EventRounds "4"]
[EventCountry "FRA"]
[SourceTitle "EXT 2012"]
[Source "ChessBase"]
[SourceDate "2011.11.24"]
[SourceVersion "1"]
[SourceVersionDate "2011.11.24"]
[SourceQuality "1"]
[WhiteTeam "Mulhouse (W)"]
[BlackTeam "Guingamp (W)"]
[WhiteTeamCountry "FRA"]
[BlackTeamCountry "FRA"]

1. e4 e6 2. d3 c5 3. g3 Nc6 4. Bg2 d6 5. f4 g6 6. Nf3 e5 7. 0-0 Bg7 8. fxe5 dxe5 9. Be3 Qb6 10. Nc3 Nd4 11. Nd5 Qd6 12. c3 Nxf3+ 13. Qxf3 Be6 14. d4 exd4 15. cxd4 Bxd4 16. Bxd4 cxd4 17. Rac1 Bxd5 18. exd5 Nh6 19. Rfe1+ Kd8 20. Re6 fxe6 21. Qf6+ Ke8 22. Qxh8+ Qf8 23. Qxd4 Rd8 24. Rc7 Qd6 25. Qh8+ Qf8 26. Qxh7 Ng8 1-0

[Event "FRA-chT2 West 0809"]
[Site "France"]
[Date "2008.11.22"]
[Round "2.8"]
[White "Le Bail, Arielle"]
[Black "Mohamed Abdel, Myriam"]
[Result "1-0"]
[WhiteElo "1856"]
[BlackElo "1600"]
[PlyCount "49"]
[EventDate "2008.10.19"]
[EventType "team-tourn"]
[EventRounds "11"]
[EventCountry "FRA"]
[SourceTitle "EXT 2010"]
[Source "ChessBase"]
[SourceDate "2010.11.25"]
[SourceVersion "1"]
[SourceVersionDate "2010.11.25"]
[SourceQuality "1"]
[WhiteTeam "Rennes Paul Bert"]
[BlackTeam "Lisieux"]
[WhiteTeamCountry "FRA"]
[BlackTeamCountry "FRA"]

1. d4 d5 2. c4 dxc4 3. Nc3 Nf6 4. e3 e6 5. Bxc4 c6 6. Nf3 Be7 7. 0-0 Nbd7 8. a3 0-0 9. b4 Nb6 10. Bd3 Nbd5 11. Ne2 a5 12. e4 Nc7 13. Bd2 axb4 14. Bxb4 Bd7 15. Nf4 Nb5 16. Bxe7 Qxe7 17. Nh3 Rxa3 18. Rxa3 Nxa3 19. e5 Nd5 20. Bxh7+ Kh8 21. Bd3 f6 22. Nfg5 Be8 23. Qg4 fxg5 24. Nxg5 Rf4 25. Qh3+ 1-0

[Event "EU-ch U14 Girls 17th"]
[Site "Sibenik"]
[Date "2007.09.16"]
[Round "3"]
[White "Suslova, Alena"]
[Black "Le Bail, Arielle"]
[Result "1-0"]
[WhiteElo "2091"]
[BlackElo "1808"]
[PlyCount "53"]
[EventDate "2007.09.14"]
[EventType "swiss"]
[EventRounds "9"]
[EventCountry "CRO"]
[SourceTitle "CBM 120 Extra"]
[Source "ChessBase"]
[SourceDate "2007.11.01"]
[SourceVersion "1"]
[SourceVersionDate "2007.11.01"]
[SourceQuality "1"]

1. c4 c6 2. e4 d6 3. Nc3 e5 4. g3 f5 5. d3 Nf6 6. Bg2 Be7 7. Nge2 Nbd7 8. 0-0 0-0 9. f4 Ng4 10. h3 Qb6+ 11. d4 Ngf6 12. exf5 exd4 13. Nxd4 Nh5 14. Kh2 Nhf6 15. Na4 Qb4 16. b3 d5 17. Ne6 Rf7 18. Ng5 Rf8 19. cxd5 Nb6 20. Nxb6 Qxb6 21. d6 Bd8 22. Qd3 Qc5 23. Ne6 Qa5 24. Bd2 Qa3 25. Nxf8 Kxf8 26. g4 Ne8 27. d7 1-0

[Event "FRA-chT Top 12 (Women)"]
[Site "Rennes"]
[Date "2007.05.11"]
[Round "1"]
[White "Chauvin, Stephanie"]
[Black "Le Bail, Arielle"]
[Result "1/2-1/2"]
[WhiteElo "1930"]
[BlackElo "1855"]
[PlyCount "53"]
[EventDate "2007.05.11"]
[EventType "team"]
[EventRounds "5"]
[EventCountry "FRA"]
[SourceTitle "CBM 118 Extra"]
[Source "ChessBase"]
[SourceDate "2007.07.04"]
[SourceVersion "1"]
[SourceVersionDate "2007.07.04"]
[SourceQuality "1"]
[WhiteTeam "Paris JEEN"]
[BlackTeam "Rennes Paul Bert"]
[WhiteTeamCountry "FRA"]
[BlackTeamCountry "FRA"]

1. e4 e6 2. d4 d5 3. e5 c5 4. c3 Nc6 5. Nf3 Bd7 6. Be2 Nge7 7. a3 Nf5 8. b4 cxd4 9. cxd4 Rc8 10. 0-0 Qb6 11. Bb2 Be7 12. Qd2 a5 13. b5 Na7 14. a4 Bb4 15. Bc3 Bxc3 16. Nxc3 0-0 17. Rac1 Qd8 18. Bd3 Nh4 19. Nxh4 Qxh4 20. Ne2 b6 21. Rxc8 Rxc8 22. Rc1 Qd8 23. Rc3 Rxc3 24. Qxc3 Qc8 25. f4 Qxc3 26. Nxc3 Nc8 27. Kf2 1/2-1/2

[Event "Cap d'Agde op"]
[Site "Cap d'Agde"]
[Date "2006.10.26"]
[Round "1"]
[White "Lacroix, Romain"]
[Black "Le Bail, Arielle"]
[Result "1-0"]
[WhiteElo "2097"]
[BlackElo "1887"]
[PlyCount "47"]
[EventDate "2006.10.26"]
[EventType "swiss"]
[EventRounds "9"]
[EventCountry "FRA"]
[SourceTitle "EXT 2007"]
[Source "ChessBase"]
[SourceDate "2006.11.23"]
[SourceVersion "1"]
[SourceVersionDate "2006.11.23"]
[SourceQuality "1"]

1. e4 e6 2. d4 d5 3. Nd2 c5 4. exd5 exd5 5. Ngf3 Nc6 6. dxc5 Bxc5 7. Nb3 Bb6 8. c3 Nge7 9. Nbd4 Bg4 10. Be2 0-0 11. Be3 Re8 12. 0-0 Rc8 13. Rc1 Na5 14. b3 Bc5 15. Qd2 Kh8 16. Ne5 Rf8 17. Nxg4 f5 18. Bf3 Qd6 19. Bf4 Kg8 20. Rfe1 b6 21. Nb5 Qd8 22. b4 Qe8 23. Na3 Bd6 24. Bxd5+ 1-0